| 000 | 00386nam a2200145Ia 4500 | ||
|---|---|---|---|
| 008 | 230917s9999||||xx |||||||||||||| ||und|| | ||
| 040 |
_e129506 _aMAIN |
||
| 041 | _aEnglish | ||
| 082 | _a005.1 K786A | ||
| 100 | _aKnuth,Donald E | ||
| 245 | 0 | _aArt of computer programming: seminumerial algorithm. V2 | |
| 260 |
_aNew Delhi _bPearon Education _c1998 |
||
| 300 | _a762 p. | ||
| 942 | _cBK | ||
| 999 |
_c108827 _d108827 |
||